<?xml version="1.0" encoding="UTF-8"?>
<record
    xmlns:xsi="http://www.w3.org/2001/XMLSchema-instance"
    xsi:schemaLocation="http://www.loc.gov/MARC21/slim http://www.loc.gov/standards/marcxml/schema/MARC21slim.xsd"
    xmlns="http://www.loc.gov/MARC21/slim">

  <leader>00504nam a22001457a 4500</leader>
  <controlfield tag="005">20180221104548.0</controlfield>
  <controlfield tag="008">180221b        xxu||||| |||| 00| 0 eng d</controlfield>
  <datafield tag="040" ind1=" " ind2=" ">
    <subfield code="c">PK-LaUMT</subfield>
  </datafield>
  <datafield tag="082" ind1=" " ind2=" ">
    <subfield code="a">ZIAC 297.05</subfield>
    <subfield code="b">RIA-A</subfield>
  </datafield>
  <datafield tag="100" ind1=" " ind2=" ">
    <subfield code="a">Riaz Ahmed</subfield>
  </datafield>
  <datafield tag="245" ind1=" " ind2=" ">
    <subfield code="a">Aao Quran ki taraf : Quran Pak ki azmat , taseer, Haqooq(mis)(&#x622;&#x648; &#x642;&#x631;&#x622;&#x646; &#x6A9;&#x6CC; &#x637;&#x631;&#x641; &#x642;&#x631;&#x622;&#x646; &#x67E;&#x627;&#x6A9; &#x6A9;&#x6CC; &#x639;&#x638;&#x645;&#x62A; &#x60C; &#x62A;&#x627;&#x62B;&#x6CC;&#x631;&#x60C; &#x62D;&#x642;&#x648;&#x642;)</subfield>
    <subfield code="c">Riaz Ahmed</subfield>
  </datafield>
  <datafield tag="260" ind1=" " ind2=" ">
    <subfield code="a">&#x631;&#x627;&#x648;&#x644;&#x67E;&#x646;&#x688;&#x6CC;:</subfield>
    <subfield code="b">&#x645;&#x62F;&#x6CC;&#x646;&#x6C1; &#x633;&#x679;&#x6CC;&#x634;&#x646;&#x631;&#x6CC; </subfield>
    <subfield code="c">1998</subfield>
  </datafield>
  <datafield tag="300" ind1=" " ind2=" ">
    <subfield code="a">&#x61F;</subfield>
  </datafield>
  <datafield tag="942" ind1=" " ind2=" ">
    <subfield code="c">BK</subfield>
  </datafield>
  <datafield tag="999" ind1=" " ind2=" ">
    <subfield code="c">103567</subfield>
    <subfield code="d">103567</subfield>
  </datafield>
  <datafield tag="952" ind1=" " ind2=" ">
    <subfield code="0">0</subfield>
    <subfield code="1">0</subfield>
    <subfield code="4">0</subfield>
    <subfield code="7">0</subfield>
    <subfield code="a">01</subfield>
    <subfield code="b">01</subfield>
    <subfield code="d">2018-02-21</subfield>
    <subfield code="l">0</subfield>
    <subfield code="o">ZIAC 297.05 RIA-A</subfield>
    <subfield code="p">119958</subfield>
    <subfield code="r">2018-02-21 00:00:00</subfield>
    <subfield code="w">2018-02-21</subfield>
    <subfield code="y">BK</subfield>
  </datafield>
</record>
